| 000 | 00883nam a22002417a 4500 | ||
|---|---|---|---|
| 003 | UA-OsUOA | ||
| 001 | 105308 | ||
| 007 | ta | ||
| 008 | 20140225b un ||||| |||| 00| 0 ukr d | ||
| 090 |
_a343.43 _bП71 |
||
| 942 | _cBK | ||
| 040 |
_aUA-OsUOA _bukr _cUA-OsUOA _dUA-OsUOA |
||
| 245 |
_aПредупреждение пыток _bдайджест решений Европейского комитета по предупреждению пыток и Комитета ООН против пыток _cред. И. Бурефейн |
||
| 300 | _a302 с. | ||
| 955 | _a2 | ||
| 041 | _aukr | ||
| 080 | _a343.43 | ||
| 020 | _a963-7316-69-8 | ||
| 591 | _aБФ "Правничі ініціативи" | ||
| 260 |
_aБудапешт _bОткрытое общество _c2000 |
||
| 650 | 7 |
_a343 Кримінальне право. Карні порушення _2UDC |
|
| 999 |
_c391469 _d391469 |
||